000 01082 a2200229 4500
005 20260130102421.0
008 260130b |||||||| |||| 00| 0 eng d
020 _a9789326355773 (खण्ड 2) (hbk)
037 _cTB
040 _aCRL
_cCRL
041 _2hin
_ahin
084 _aY73(Q7).2 152Q9.1-.2 (RR)
_qCRL
100 _aशिशिर, कर्मेन्दु
_9860715
245 _aभारतीय मुसलमान:
_bइतिहास का संदर्भ
250 _a2 संस्करण
260 _aनयी दिल्ली, भारत:
_bभारतीय ज्ञानपीठ,
_c2020.
300 _aखण्ड 2 (416पृ.)
650 _aभारतीय मुसलमान
_91112877
650 _aइतिहास
_91112878
942 _cREF
_2CC
_n0
_hY73(Q7).2 152Q9.1-.2 (RR)
999 _c1466701
_d1466701